000 00461nam a2200193Ia 4500
005 20240823031954.0
008 240823s9999||||xx |||||||||||||| ||und||
041 _aENGLISH
082 _A158.39 Q2
100 _aNil
245 0 _a"How to Succeed in Interview Tips, Tricks & Techniques"
250 _a1st
260 _c2012
_bCompetition Review Pvt.
500 _aYES
650 _aGeneral
_bGeneral
700 _a CSR
942 _cBK
999 _c192335
_d192335